La Amazonía peruana / (Registro nro. 43927)

Detalles MARC
000 -LEADER
campo de control de longitud fija 00458nam a2200157 i 4500
001 - NÚMERO DE CONTROL
campo de control 43927
003 - IDENTIFICADOR DE NÚMERO DE CONTROL
campo de control ES-MaACL
005 - FECHA Y HORA DE LA ÚLTIMA TRANSACCIÓN
campo de control 20230906160919.0
007 - CAMPO FIJO DE DESCRIPCIÓN FÍSICA--INFORMACIÓN GENERAL
campo de control de longitud fija t|
008 - DATOS DE LONGITUD FIJA--INFORMACIÓN GENERAL
campo de control de longitud fija 030320s1941 pe ||||1| spa d
100 1# - ENTRADA PRINCIPAL--NOMBRE DE PERSONA
Nombre de persona Cavero-Egusquiza, Ricardo.
9 (RLIN) 37186
245 13 - MENCIÓN DEL TÍTULO
Título La Amazonía peruana /
Mención de responsabilidad, etc. por Ricardo Cavero-Egusquiza.
260 ## - PUBLICACIÓN, DISTRIBUCIÓN, ETC.
Lugar de publicación, distribución, etc. Lima :
Nombre del editor, distribuidor, etc. [s.n.,
Fecha de publicación, distribución, etc. 1941] (
Fabricante Imp. Torres Aguirre)
300 ## - DESCRIPCIÓN FÍSICA
Extensión VI, 143 p. ;
Dimensiones 21 cm.
852 ## - LOCALIZACIÓN
Ubicación ES-MaACL
Número de control de estantería C-12183
Sublocalización o colección R.40367
Existencias
Estatus retirado Estado de pérdida Estado de daño No para préstamo Biblioteca de origen Biblioteca actual Ubicación en estantería Fecha de adquisición Fuente de adquisición Total de préstamos Signatura topográfica completa Código de barras Visto por última vez Precio de reemplazo Tipo de ítem Koha
        Biblioteca del Ateneo de Madrid Biblioteca del Ateneo de Madrid Sala Palomar 17/01/2008     C-12183 1046239 23/02/2023 23/02/2023 Libro impreso